Shel Silverstein or Edgar Allan Poe? Quiz Stats

Quiz Updated Oct 11, 2015

Challenge
Share
Tweet
Embed
Score 0/50 Timer 04:00
0 Plays Today
Work Author (S) or (P) % Correct
Ickle Me, Pickle Me, Tickle Me too???
77.6%
The Raven???
76.9%
The Tell-Tale Heart???
75.2%
Noise Day???
74.6%
The Fall of the House of Usher???
74.5%
The Pit and the Pendulum???
74.4%
My Sneaky Cousin???
74.3%
No Thank You???
74.3%
The Cask of Amontillado???
74.2%
Diving Board???
74.2%
Nope???
73.7%
Sun Hat???
72.9%
Somebody Has To???
72.1%
Listen to the Mustn'ts???
72%
Put Something In???
71.5%
Joey???
71.2%
What Did????
70.7%
Monsters I've Met???
70.7%
Lenore???
70.5%
Colors???
69.5%
Annabel Lee???
69.4%
Unfair???
69.3%
It's Dark in Here???
68.5%
Advice???
68.5%
Early Bird???
67.9%
Work Author (S) or (P) % Correct
The Loser???
67.6%
The Bells???
66.2%
Flag???
66.1%
Something Missing???
66.1%
To Helen???
64%
Tamerlane???
63.9%
The Black Cat???
63.9%
Shaking???
63.4%
Eulalie???
63.2%
Prayer of the Selfish Child???
62.1%
Ulalume???
61.7%
The Haunted Palace???
60.9%
Berenice???
59.8%
Eldorado???
58.8%
To One in Paradise???
57.5%
The City in the Sea???
56.5%
A Dream Within a Dream???
54.6%
For Annie???
54.3%
Crystal Ball???
54%
Al Aaraaf???
53.7%
Silence???
50.6%
The Conqueror Worm???
44.2%
Morgan's Curse???
41.6%
A Valentine???
38.6%
The Happiest Day???
24.4%

You're not logged in!

Compare scores with friends on all Sporcle quizzes.
Join for Free
OR
Log In

You Might Also Like...

Show Comments

Extras

Top Quizzes Today


Score Distribution

Your Account Isn't Verified!

In order to create a playlist on Sporcle, you need to verify the email address you used during registration. Go to your Sporcle Settings to finish the process.

Report this User

Report this user for behavior that violates our Community Guidelines.

Details: